000 00302nam a22001337a 4500
008 210527b ||||| |||| 00| 0 eng d
041 _aeng
080 _a32
082 _a32
100 _a21
101 _aPOL
245 _aThe Industrial Workers Of The World 1905-1917
_cFoner,P.S
942 _2udc
_cBK
999 _c57711
_d57711